Countries that Persecute Christians - Statistics

General Stats
  • This quiz has been taken 32 times
  • The average score is 30 of 49
Answers on the Map
Answers color-coded by a green-red scale on the quiz's map according to % correct below.
 
Answer Stats
Answer Persecution Score Level % Correct
Iran 86 Extreme
96%
Iraq 78 Very High
96%
Egypt 68 Very High
93%
Libya 91 Extreme
93%
Mali 80 Very High
89%
Yemen 94 Extreme
89%
Afghanistan 85 Extreme
85%
Algeria 77 Very High
85%
China 78 Very High
85%
Niger 72 Very High
85%
North Korea 98 Extreme
85%
Oman 70 Very High
85%
Sudan 90 Extreme
85%
Morocco 74 Very High
81%
Pakistan 87 Extreme
81%
Saudi Arabia 91 Extreme
81%
Tunisia 70 Very High
81%
Chad 65 Very High
78%
Nigeria 88 Extreme
74%
Qatar 67 Very High
74%
Somalia 94 Extreme
74%
Turkey 67 Very High
74%
Mauritania 74 Very High
70%
Syria 78 Very High
70%
India 84 Extreme
67%
Myanmar 81 Extreme
63%
Jordan 65 Very High
59%
Bangladesh 74 Very High
56%
DR Congo 70 Very High
52%
Eritrea 89 Extreme
52%
Burkina Faso 76 Very High
48%
Turkmenistan 71 Very High
48%
Central African Republic 72 Very High
44%
Bhutan 69 Very High
41%
Ethiopia 70 Very High
41%
Tajikistan 68 Very High
41%
Vietnam 67 Very High
41%
Cameroon 67 Very High
37%
Laos 74 Very High
37%
Uzbekistan 73 Very High
37%
Kyrgyzstan 66 Very High
33%
Brunei 66 Very High
30%
Comoros 67 Very High
30%
Kazakhstan 68 Very High
30%
Maldives 78 Very High
30%
Cuba 73 Very High
26%
Mexico 71 Very High
11%
Nicaragua 71 Very High
11%
Mozambique 68 Very High
7%
No matching quizzes found
Score Distribution
Percent of People with Each Score
Percentile by Number Answered
Your Score History
You have not taken this quiz